01162nab a22002537a 4500999001500000003000400015005001700019008004100036040000700077100002900084245013900113300001300252500003600265505017900301505008800480650002800568650003800596650001700634650002900651650003500680700002500715773015500740942001300895 c6050d6050OSt20260120231422.0190514b xxu||||| |||| 00| 0 spa d cPJ 96654aAiroldi, Federico 10aCumplimiento del plazo del art. 657 Cód. Civ. y Com. Inconstitucionalidad. Instituto de la tutela /cFederico Airoldi, Nicole Muni.  ap. 19-24 aCita: TR LALEY AR/DOC/246/2024. aSumario: I. El fallo.— II. El caso.— III. Marco normativo.— IV. Interés superior del niño.— V. Inconstitucionalidad como ultima ratio.— VI. Palabras de cierre.  tFallo comentado: SC Buenos Aires ~ 04/10/2023 ~ Salim, Jorge s/ guarda a parientes. 09967aDERECHO DE FAMILIA 094097aINTERES SUPERIOR DEL NIÑO 091336aTUTELA 094597aCONSTITUCIONALIDAD 091057aJURISPRUDENCIA APLICABLE 96655a Muni, Nicole 0 0284493222dBuenos Aires : AbeledoPerrot, 1989-tDerecho de familia. Revista Interdisciplinaria de doctrina y jurisprudencia. Abril 2024-II.z18511201 2udccANA